| 000 | 00743nam a2200217 a 4500 | ||
|---|---|---|---|
| 003 | AM-YeHGA | ||
| 005 | 20250617154229.0 | ||
| 008 | 180427s1936 ru |||||r|||||000|0|rus|| | ||
| 040 | _aAM-YeHGA | ||
| 041 | 0 | _arus | |
| 100 | 1 | _aМарьенков, Ефрем Михайлович | |
| 245 | 1 | 0 |
_aНиколай Щорс : _bОчерки / _cЕ. Марьенков ; Предисл. К. Квятека. |
| 260 |
_aСмоленск : _bЗапгиз , _c1936. |
||
| 300 |
_a132 с. ; _b19 см. |
||
| 650 | 1 | 4 | _aИстория СССР |
| 650 | 1 | 4 | _aГражданская война 1918 г. |
| 650 | 1 | 4 | _aИсторический очерк |
| 700 | 1 |
_aКвятек, К. _eпредисл. _4aui |
|
| 942 |
_2udc _cBK |
||
| 090 | _c409847 | ||
| 999 |
_c407580 _d407580 |
||